00509 2200193 4500001002100000005001500021008004100036020002200077035001900099041000700118082001800125090002400143100001700167245006100184260002500245300002600270500000600296650001300302INLIS00000000000287820241224112622241224||||||||| | ||| |||| || |  a978-602-77-3148-6 0010-1224002878 aen0 a920.03-920.09 a920.03-920.09 ARI s0 aArip Ripangi00aSisi Lain Ahok : Perjalanan Hidup, Karir dan Keluarganya bGlosaria Mediac2014 aviii, 126 hlm.; 19 cm a1 0aBiografi